| 000 | 00789cam a2200253 a 4500 | ||
|---|---|---|---|
| 999 |
_c7806 _d7806 |
||
| 001 | 991051878639706706 | ||
| 003 | OSt | ||
| 005 | 20231025133553.0 | ||
| 008 | 990916s1926 spca||||| 000 0dspa|c | ||
| 035 | _a(ES-BaCBU).b23711577 | ||
| 035 | _a(OCoLC)807256921 | ||
| 040 |
_aES-BaCBU _bcat _cCDMR |
||
| 090 |
_aPN5319.B373 _bC67 1926 |
||
| 245 | 0 | 3 | _aEl Correo Catalán, 1876-1926 |
| 260 |
_a[Barcelona : _bEl Correo Catalán, _c1926] |
||
| 300 |
_a1 vol. : _bil. ; _c30 cm |
||
| 630 | 0 | 7 |
_aCorreo catalán (Diari) _xHistòria _y1876-1926 _2lemac |
| 650 | 0 | 4 |
_aPremsa _zBarcelona _xHistòria _y1876-1926 |
| 730 | 0 | _aCorreo catalán | |
| 907 |
_a.b23711577 _b21-04-21 _c08-05-08 _d16-09-99 _em _fa _g- _hspa _ispc _j3 _k4 |
||
| 908 |
_aUPF _aBPEB _aAHCB _aUAB |
||
| 940 | _aUPF | ||
| 942 |
_2udc _cMON |
||